[Event "Wellington CC-chB"]
[Site "Wellington"]
[Date "2022.10.27"]
[Round "5"]
[White "Chen, Wei Kai"]
[Black "Rossiter, Philip E"]
[Result "1/2-1/2"]
[WhiteElo "1730"]
[BlackElo "1644"]
[PlyCount "68"]
[EventDate "2022.09.29"]
[EventType "tourn"]
[EventRounds "9"]
[EventCountry "NZL"]
[SourceTitle "EXT 2025"]
[Source "ChessBase"]
[SourceDate "2024.10.14"]
[SourceVersion "1"]
[SourceVersionDate "2024.10.14"]
[SourceQuality "1"]

1. e4 e6 2. d4 a6 3. Nf3 c5 4. d5 exd5 5. exd5 d6 6. Bd3 Nf6 7. c4 Be7 8. 0-0 Bg4 9. Nc3 0-0 10. Re1 Nbd7 11. h3 Bh5 12. Bf4 Re8 13. g4 Bg6 14. Bxg6 hxg6 15. Qd3 Qc7 16. Re2 Bf8 17. Rae1 Rxe2 18. Rxe2 Re8 19. Rxe8 Nxe8 20. g5 Ne5 21. Nxe5 dxe5 22. Bg3 Bd6 23. h4 Qd7 24. Qe3 Qg4 25. Ne4 Qd1+ 26. Kh2 b5 27. cxb5 axb5 28. Nxd6 Nxd6 29. Qxe5 Nf5 30. Qe8+ Kh7 31. Qe5 Nd4 32. Qe4 Nf3+ 33. Kg2 Ne1+ 34. Kh2 Nf3+ 1/2-1/2

[Event "Wellington CC-chB"]
[Site "Wellington"]
[Date "2022.10.06"]
[Round "2"]
[White "Perrin, Brent"]
[Black "Chen, Wei Kai"]
[Result "1-0"]
[WhiteElo "1746"]
[BlackElo "1730"]
[PlyCount "143"]
[EventDate "2022.09.29"]
[EventType "tourn"]
[EventRounds "9"]
[EventCountry "NZL"]
[SourceTitle "EXT 2025"]
[Source "ChessBase"]
[SourceDate "2024.10.14"]
[SourceVersion "1"]
[SourceVersionDate "2024.10.14"]
[SourceQuality "1"]

1. e4 c6 2. d4 d5 3. exd5 cxd5 4. Bd3 Nf6 5. h3 Nc6 6. c3 e6 7. Nf3 Bd6 8. 0-0 h6 9. Re1 0-0 10. Ne5 Nd7 11. Bf4 Qe7 12. Nd2 Ndxe5 13. dxe5 Bc7 14. Qg4 f5 15. exf6 Rxf6 16. Bxc7 Qxc7 17. Rad1 Qb6 18. Re2 e5 19. Qh5 Be6 20. c4 Raf8 21. Rf1 e4 22. c5 Qc7 23. Bb1 Rf5 24. Qh4 Rg5 25. f4 Rgf5 26. g3 Nd4 27. Ree1 Qxc5 28. Kh1 R5f7 29. a3 Nf5 30. Qg4 h5 31. Qg5 Ne3 32. Rg1 Rf5 33. Qh4 Nc4 34. Nxc4 Qxc4 35. Qe7 Qc8 36. Ba2 R8f7 37. Qd6 Qd7 38. Qb8+ Rf8 39. Qxa7 h4 40. Qb6 Bf7 41. Qd4 Rxf4 42. Kh2 Rf3 43. Rxe4 hxg3+ 44. Rxg3 Rxg3 45. Kxg3 Qd6+ 46. Qe5 Qg6+ 47. Rg4 Qd3+ 48. Kh2 Qd2+ 49. Rg2 Qh6 50. Bxd5 Bxd5 51. Qxd5+ Kh8 52. Qxb7 Qf4+ 53. Rg3 Rf7 54. Qc8+ Kh7 55. Qg4 Qc7 56. Qe4+ Kh8 57. Qe2 Re7 58. Qd2 Rd7 59. Qc3 Qb8 60. b4 Rc7 61. Qd2 Rf7 62. Qe2 Qd6 63. b5 Re7 64. Qh5+ Kg8 65. Qf3 Rf7 66. Qb3 Qd4 67. Rg2 Qd6+ 68. Qg3 Qc5 69. a4 Qc4 70. Qb8+ Rf8 71. Qe5 Rf7 72. a5 1-0

[Event "Wellington Mazur Memorial"]
[Site "Wellington"]
[Date "2022.08.04"]
[Round "2"]
[White "Chen, Wei Kai"]
[Black "Cooke, Xandi"]
[Result "1/2-1/2"]
[WhiteElo "1968"]
[BlackElo "1530"]
[PlyCount "50"]
[EventDate "2022.07.28"]
[EventType "swiss"]
[EventRounds "8"]
[EventCountry "NZL"]
[SourceTitle "EXT 2025"]
[Source "ChessBase"]
[SourceDate "2024.10.14"]
[SourceVersion "1"]
[SourceVersionDate "2024.10.14"]
[SourceQuality "1"]

1. e4 c5 2. Nf3 e6 3. Nc3 a6 4. d4 cxd4 5. Nxd4 Qc7 6. Be2 Nc6 7. 0-0 Nf6 8. Bg5 Be7 9. Re1 0-0 10. Nf3 b5 11. a3 Bb7 12. Bd3 h6 13. Bh4 Rad8 14. Bg3 Qb6 15. Ne5 Nxe5 16. Bxe5 d5 17. Qf3 dxe4 18. Nxe4 Nxe4 19. Bxe4 Bxe4 20. Rxe4 f6 21. Bc3 Bc5 22. b4 Bd4 23. Bxd4 Rxd4 24. Rae1 e5 25. Rxd4 Qxd4 1/2-1/2

[Event "Wellington CC Autumn Cup-B"]
[Site "Wellington"]
[Date "2022.06.16"]
[Round "5"]
[White "Chen, Wei Kai"]
[Black "Van der Hoorn, Thomas"]
[Result "0-1"]
[WhiteElo "1987"]
[BlackElo "1999"]
[PlyCount "68"]
[EventDate "2022.05.19"]
[EventType "tourn"]
[EventRounds "5"]
[EventCountry "NZL"]
[SourceTitle "EXT 2025"]
[Source "ChessBase"]
[SourceDate "2024.10.14"]
[SourceVersion "1"]
[SourceVersionDate "2024.10.14"]
[SourceQuality "1"]

1. Nf3 d5 2. b3 Bg4 3. Bb2 Bxf3 4. exf3 e6 5. Nc3 Nf6 6. Qe2 c5 7. 0-0-0 Be7 8. g4 Nc6 9. Re1 Rc8 10. Kb1 0-0 11. Qd1 a6 12. f4 b5 13. g5 Nd7 14. Qg4 c4 15. h4 cxb3 16. cxb3 b4 17. Na4 Nc5 18. Nxc5 Bxc5 19. g6 Bd4 20. gxh7+ Kh8 21. Bxd4 Nxd4 22. Rg1 Qf6 23. Bd3 a5 24. Re5 a4 25. bxa4 b3 26. a3 Nc2 27. Kb2 Nd4 28. h5 Nc6 29. h6 gxh6 30. Qh5 Nxe5 31. fxe5 Qxf2 32. Rg8+ Rxg8 33. hxg8Q+ Kxg8 34. Qxh6 Qd4+ 0-1

[Event "Wellington CC Autumn Cup-B"]
[Site "Wellington"]
[Date "2022.05.26"]
[Round "2"]
[White "Tanoi, Toleafoa E"]
[Black "Chen, Wei Kai"]
[Result "1-0"]
[WhiteElo "2045"]
[BlackElo "1987"]
[PlyCount "51"]
[EventDate "2022.05.19"]
[EventType "tourn"]
[EventRounds "5"]
[EventCountry "NZL"]
[SourceTitle "EXT 2025"]
[Source "ChessBase"]
[SourceDate "2024.10.14"]
[SourceVersion "1"]
[SourceVersionDate "2024.10.14"]
[SourceQuality "1"]

1. d4 f5 2. Bg5 g6 3. Nc3 Bg7 4. e3 Nf6 5. Bd3 d5 6. Nge2 0-0 7. h4 Nc6 8. h5 e5 9. hxg6 hxg6 10. dxe5 Nxe5 11. Nf4 c6 12. Qd2 Qd6 13. Bh6 Be6 14. 0-0-0 b5 15. Bxg7 Kxg7 16. Bxb5 cxb5 17. Nxb5 Qb6 18. Nc7 Bf7 19. Qc3 Rac8 20. Ncxd5 Bxd5 21. Qxe5 Qc6 22. c3 Rfe8 23. Qd4 Bf7 24. f3 Qc5 25. Rh7+ Kxh7 26. Qxf6 1-0

[Event "Wellington op"]
[Site "Wellington"]
[Date "2018.03.30"]
[Round "1"]
[White "Chen, Wei Kai"]
[Black "Croad, Nicholas"]
[Result "0-1"]
[WhiteElo "1690"]
[BlackElo "2294"]
[PlyCount "80"]
[EventDate "2018.03.30"]
[EventType "swiss"]
[EventRounds "6"]
[EventCountry "NZL"]
[SourceTitle "EXT 2019"]
[Source "ChessBase"]
[SourceDate "2018.10.10"]
[SourceVersion "1"]
[SourceVersionDate "2018.10.10"]
[SourceQuality "1"]

1. e4 c5 2. Nc3 Nc6 3. f4 g6 4. Nf3 Bg7 5. Bc4 e6 6. 0-0 Nge7 7. d3 a6 8. f5 gxf5 9. Ng5 Ne5 10. Bf4 N7g6 11. Nh3 fxe4 12. Bb3 d5 13. a4 Bd7 14. Qh5 Qh4 15. Qe2 Qg4 16. Qf2 Nxf4 17. Nxf4 Nf3+ 18. Kh1 Qxf4 19. gxf3 Qxf3+ 20. Qxf3 exf3 21. Rxf3 Bc6 22. Rg3 Be5 23. Rg5 d4+ 24. Ne4 f6 25. Rh5 Ke7 26. Kg1 Bxe4 27. dxe4 b5 28. axb5 axb5 29. Rxa8 Rxa8 30. Rxh7+ Kd6 31. Rb7 c4 32. Rxb5 cxb3 33. Rxb3 Rg8+ 34. Kf2 Bxh2 35. Rb5 Rg5 36. Rb6+ Ke5 37. Ra6 Kxe4 38. Rxe6+ Be5 39. b4 Rh5 40. Kg1 Kd5 0-1

[Event "Auckland Morrison Memorial"]
[Site "Auckland"]
[Date "2014.10.24"]
[Round "1"]
[White "Hague, Ben"]
[Black "Chen, Wei Kai"]
[Result "1-0"]
[WhiteElo "2309"]
[BlackElo "1644"]
[PlyCount "79"]
[EventDate "2014.10.24"]
[EventType "swiss"]
[EventRounds "6"]
[EventCountry "NZL"]
[SourceTitle "EXT 2018"]
[Source "ChessBase"]
[SourceDate "2017.10.13"]
[SourceVersion "1"]
[SourceVersionDate "2017.10.13"]
[SourceQuality "1"]

1. e4 c6 2. d4 d5 3. Nd2 dxe4 4. Nxe4 Bf5 5. Ng3 Bg6 6. h4 h6 7. Nf3 Nd7 8. h5 Bh7 9. Bd3 Bxd3 10. Qxd3 Ngf6 11. Bd2 e6 12. 0-0-0 Bd6 13. Rhe1 Qc7 14. Nf5 0-0-0 15. Nxd6+ Qxd6 16. Qc3 Nd5 17. Qa5 Kb8 18. c4 Nc7 19. g3 Qe7 20. Bf4 Nb6 21. Ne5 Rhe8 22. Rd3 f6 23. Ng6 Qd7 24. c5 Nbd5 25. Bd6 Ka8 26. Nf4 Nb5 27. Nxd5 exd5 28. Bf4 Rxe1+ 29. Qxe1 Re8 30. Re3 Rxe3 31. Qxe3 a6 32. g4 Na7 33. f3 Nc8 34. Bg3 Ka7 35. Qf4 a5 36. Qb8+ Ka6 37. Bc7 Kb5 38. Qxb7+ Kc4 39. Qb3+ Kxd4 40. Qc3# 1-0